मेघदूत (Record no. 414075)

MARC details
000 -LEADER
fixed length control field 00444nam a2200169Ia 4500
008 - FIXED-LENGTH DATA ELEMENTS--GENERAL INFORMATION
fixed length control field 100122s9999 xx 000 0 und d
082 ## - DEWEY DECIMAL CLASSIFICATION NUMBER
Item number 28402
Classification number 821
100 ## - MAIN ENTRY--PERSONAL NAME
Personal name कालिदास
245 ## - TITLE STATEMENT
Title मेघदूत
250 ## - EDITION STATEMENT
Edition statement 2
260 ## - PUBLICATION, DISTRIBUTION, ETC. (IMPRINT)
Name of publisher, distributor, etc सरिता प्रक ाशन
Date of publication, distribution, etc 1905
300 ## - PHYSICAL DESCRIPTION
Extent 95
630 ## - SUBJECT ADDED ENTRY--UNIFORM TITLE
Uniform title मेघदूत
700 ## - ADDED ENTRY--PERSONAL NAME
Personal name लेखक शोधणे
730 ## - ADDED ENTRY--UNIFORM TITLE
Uniform title मेघदूत
942 ## - ADDED ENTRY ELEMENTS (KOHA)
Koha item type Book
Holdings
Withdrawn status Lost status Damaged status Not for loan Home library Current library Date acquired Cost, normal purchase price Total Checkouts Full call number Barcode Date last seen Cost, replacement price Price effective from Koha item type Public note
        S.V. Pathak Library, Vile Parle S.V. Pathak Library, Vile Parle 12/06/1979 12.00   28402 SVPPARLE-28402 01/25/2010 12.00 01/25/2010 Book NA